000 00652nam a2200241Ia 4500
003 OSt
005 20220918180736.0
006 a|||||r|||| 00| 0
007 ta
008 220917b |||||||| |||| 00| 0 eng d
024 _a23,857
037 _cTextual
040 _aARTS
_cARTS
_beng
041 _2eng
_aeng
082 _aO:9M5, J52
100 _aParrott Thomas Marc
_956962
245 0 _aCompanion to Victorian literature
260 _c1955
650 _aENGLISH LITERATURE
700 _a Martin Robert Bernard
_911893
942 _hO:9M5, J52
_cTEXL
_2CC
999 _c162868
_d162868